000 00249nam a2200109Ia 4500
008 190216s9999||||xx |||||||||||||| ||und||
100 _aSanthi Narayan
245 0 _aIntegral Calculus
260 _bS Chand & Co
650 _aMathematics
942 _cBK
999 _c30674
_d30674